| 000 | 00767cam a2200265 4500 | ||
|---|---|---|---|
| 001 | 1262595 | ||
| 005 | 20131001143623.0 | ||
| 008 | 691016s2001 nyua grb 001 0 eng | ||
| 010 | _a 74076534 | ||
| 020 | _a9780130311801 | ||
| 040 |
_aDLC _cDLC _dDLC |
||
| 050 | 0 | 0 |
_aTA775 _b.T6 1969b |
| 082 | 0 | 0 |
_a624.15 _222 _bTOM |
| 100 | 1 |
_aTomlinson, M. J. _q(Michael John) _920466 |
|
| 245 | 1 | 0 |
_aFoundation design and construction/ _c[by] M. J. Tomlinson. |
| 250 | _a7th ed. | ||
| 260 |
_aHarlow: _bPearson, _c2001. |
||
| 300 |
_axiv, 785 p. _billus. _c23 cm. |
||
| 350 | _a15.95 | ||
| 504 | _aIncludes bibliographies. | ||
| 650 | 0 |
_aFoundations. _920467 |
|
| 653 |
_bCiv _cSeptember2013 |
||
| 906 |
_a7 _bcbc _corignew _du _encip _f19 _gy-gencatlg |
||
| 942 |
_2ddc _cBB |
||
| 999 |
_c14773 _d14773 |
||